000 00564nam a2200181Ia 4500
008 240729s9999 xx 000 0 und d
022 _a1789-7874
245 0 _aApstract: Applied Studies in Agribusiness and Commerce
260 _aHungary
260 _bUniversity of Debrecen
650 _a Communities. Classes. Races
650 _a Regional planning
650 _a Urban groups. The city. Urban sociology
650 _aAgriculture | Social Sciences
856 _uhttps://doaj.org/toc/156e9228f00646eaa02f9495047a128d
942 _2ddc
942 _cDOAJEJ
999 _c68183
_d68183
945 _a1
_bMadushi Gamage
_c1
_dMadushi Gamage